[Event "International Tournament"]
[Site "Thivon"]
[Date "2016.08.25"]
[Round "1.12"]
[White "Papadopoulos, Nikolaos"]
[Black "Hatzistamatiou, Nikolaos"]
[Result "1-0"]
[BlackElo "1733"]
[WhiteElo "2234"]
[LiveChessVersion "1.4.8"]

1. d4 {[%clk 1:30:29]} Nf6 {[%clk 1:30:38]} 2. c4 {[%clk 1:29:53]} c5
{[%clk 1:31:01]} 3. Nf3 {[%clk 1:28:41]} cxd4 {[%clk 1:30:47]} 4. Nxd4
{[%clk 1:29:00]} Nc6 {[%clk 1:30:13]} 5. Nc3 {[%clk 1:29:16]} g6 {[%clk 1:29:34]}
6. e4 {[%clk 1:27:15]} Nxd4 {[%clk 1:29:56]} 7. Qxd4 {[%clk 1:27:42]} d6
{[%clk 1:27:51]} 8. Bg5 {[%clk 1:26:20]} Bg7 {[%clk 1:27:39]} 9. Be2
{[%clk 1:26:11]} O-O {[%clk 1:24:02]} 10. Qd2 {[%clk 1:26:18]} Be6
{[%clk 1:21:06]} 11. O-O {[%clk 1:25:08]} Rc8 {[%clk 1:18:23]} 12. b3
{[%clk 1:18:43]} a6 {[%clk 1:13:52]} 13. Rac1 {[%clk 1:18:59]} b5
{[%clk 1:12:24]} 14. cxb5 {[%clk 1:13:52]} Rxc3 {[%clk 1:10:50]} 15. Qxc3
{[%clk 1:11:38]} Nxe4 {[%clk 1:10:49]} 16. Qe3 {[%clk 1:10:51]} Nxg5
{[%clk 1:09:57]} 17. Qxg5 {[%clk 1:11:17]} Qa5 {[%clk 1:08:07]} 18. Rc2
{[%clk 1:00:10]} Bf6 {[%clk 0:58:49]} 19. Qd2 {[%clk 0:58:59]} Qxd2
{[%clk 0:49:26]} 20. Rxd2 {[%clk 0:59:26]} axb5 {[%clk 0:49:17]} 21. Bxb5
{[%clk 0:59:44]} Rc8 {[%clk 0:46:41]} 22. Bd3 {[%clk 0:54:11]} Bc3
{[%clk 0:42:42]} 23. Rc2 {[%clk 0:53:09]} d5 {[%clk 0:43:07]} 24. Rd1
{[%clk 0:42:25]} d4 {[%clk 0:41:34]} 25. Kf1 {[%clk 0:42:15]} Bd5
{[%clk 0:38:43]} 26. f3 {[%clk 0:34:33]} e5 {[%clk 0:38:34]} 27. Rdc1
{[%clk 0:33:53]} f5 {[%clk 0:38:08]} 28. Re2 {[%clk 0:27:16]} Re8
{[%clk 0:36:55]} 29. Bc4 {[%clk 0:27:06]} Bxc4 {[%clk 0:36:02]} 30. bxc4
{[%clk 0:27:31]} Ba5 {[%clk 0:31:48]} 31. Rd1 {[%clk 0:25:29]} Bc3
{[%clk 0:30:58]} 32. Rd3 {[%clk 0:22:01]} Kf7 {[%clk 0:29:13]} 33. Rc2
{[%clk 0:18:30]} Rb8 {[%clk 0:25:28]} 34. Ke2 {[%clk 0:08:37]} Ba1
{[%clk 0:24:28]} 35. Rb3 {[%clk 0:08:27]} Rd8 {[%clk 0:23:30]} 36. Kd3
{[%clk 0:08:08]} Re8 {[%clk 0:21:51]} 37. Re2 {[%clk 0:08:13]} Kf6
{[%clk 0:19:32]} 38. a4 {[%clk 0:08:01]} Ra8 {[%clk 0:18:39]} 39. Ra2
{[%clk 0:07:02]} Bc3 {[%clk 0:18:13]} 40. Rxc3 {[%clk 0:21:56]} dxc3
{[%clk 0:33:37]} 41. Kxc3 {[%clk 0:22:11]} Ke6 {[%clk 0:32:24]} 42. a5
{[%clk 0:21:36]} Kd6 {[%clk 0:29:46]} 43. a6 {[%clk 0:19:31]} e4 {[%clk 0:19:51]}
44. fxe4 {[%clk 0:19:32]} fxe4 {[%clk 0:19:48]} 45. Kd4 {[%clk 0:19:29]} e3
{[%clk 0:17:40]} 46. Kxe3 {[%clk 0:19:47]} Kc5 {[%clk 0:18:06]} 47. a7
{[%clk 0:19:40]} Kxc4 {[%clk 0:17:53]} 48. Kf4 {[%clk 0:19:47]} Kd5 49. Ke4+ 1-0

[Event "International Tournament"]
[Site "Thivon"]
[Date "2016.08.26"]
[Round "2.1"]
[White "Nikolaidis, Ioannis"]
[Black "Gkikas, Hristos"]
[Result "1-0"]
[BlackElo "2055"]
[WhiteElo "2558"]
[LiveChessVersion "1.4.8"]

1. c4 {[%clk 1:30:36]} Nf6 {[%clk 1:30:36]} 2. Nc3 {[%clk 1:30:34]} c5
{[%clk 1:30:09]} 3. Nf3 {[%clk 1:30:37]} Nc6 {[%clk 1:28:32]} 4. e3
{[%clk 1:29:24]} e6 {[%clk 1:26:55]} 5. d4 {[%clk 1:29:42]} d5 {[%clk 1:25:42]}
6. a3 {[%clk 1:29:51]} dxc4 {[%clk 1:24:24]} 7. Bxc4 {[%clk 1:30:14]} cxd4
{[%clk 1:22:35]} 8. exd4 {[%clk 1:30:21]} Be7 {[%clk 1:22:09]} 9. O-O
{[%clk 1:30:20]} O-O {[%clk 1:22:00]} 10. Re1 {[%clk 1:28:26]} a6
{[%clk 1:18:37]} 11. Bd3 {[%clk 1:26:43]} b5 {[%clk 1:10:12]} 12. Bg5
{[%clk 1:23:59]} Bb7 {[%clk 1:03:40]} 13. Bc2 {[%clk 1:23:39]} h6
{[%clk 0:56:41]} 14. Bh4 {[%clk 1:10:11]} Nd5 {[%clk 0:45:44]} 15. Bg3
{[%clk 0:54:27]} Nxc3 {[%clk 0:33:19]} 16. bxc3 {[%clk 0:54:37]} Bf6
{[%clk 0:28:23]} 17. Qd3 {[%clk 0:53:22]} Re8 {[%clk 0:16:46]} 18. Qh7+
{[%clk 0:49:15]} Kf8 {[%clk 0:17:10]} 19. d5 {[%clk 0:49:38]} Na5
{[%clk 0:13:38]} 20. d6 {[%clk 0:43:11]} g6 {[%clk 0:11:26]} 21. Bf4
{[%clk 0:38:56]} g5 {[%clk 0:11:04]} 22. Be5 {[%clk 0:38:17]} 1-0

[Event "International Tournament"]
[Site "Thivon"]
[Date "2016.08.26"]
[Round "2.2"]
[White "Fidrilakis, Stavros"]
[Black "Kotronias, Vasilios"]
[Result "0-1"]
[BlackElo "2541"]
[WhiteElo "2051"]
[LiveChessVersion "1.4.8"]

1. d4 {[%clk 1:30:56]} g6 {[%clk 1:30:36]} 2. e4 {[%clk 1:31:01]} Bg7
{[%clk 1:30:54]} 3. Nc3 {[%clk 1:31:19]} c6 {[%clk 1:31:17]} 4. Be3
{[%clk 1:31:09]} d5 {[%clk 1:31:32]} 5. Qd2 {[%clk 1:30:06]} dxe4
{[%clk 1:29:39]} 6. Nxe4 {[%clk 1:30:13]} Nd7 {[%clk 1:29:19]} 7. O-O-O
{[%clk 1:23:53]} Ngf6 {[%clk 1:29:40]} 8. Ng3 {[%clk 1:22:08]} h5
{[%clk 1:27:36]} 9. h4 {[%clk 1:17:53]} Nb6 {[%clk 1:24:36]} 10. Kb1
{[%clk 1:11:45]} Be6 {[%clk 1:23:05]} 11. Nf3 {[%clk 1:10:22]} a5
{[%clk 1:06:51]} 12. Ng5 {[%clk 1:04:26]} Bc4 {[%clk 1:05:58]} 13. f4
{[%clk 1:03:05]} e6 {[%clk 1:05:14]} 14. Bd3 {[%clk 1:00:29]} Qd5
{[%clk 0:59:29]} 15. a3 {[%clk 0:52:37]} O-O {[%clk 0:55:43]} 16. N3e4
{[%clk 0:49:10]} Ng4 {[%clk 0:43:02]} 17. Be2 {[%clk 0:43:22]} Bxe2 18. Qxe2
{[%clk 0:43:37]} f6 {[%clk 0:41:48]} 19. Nc3 {[%clk 0:37:54]} Qc4
{[%clk 0:42:13]} 20. Qxc4 Nxc4 {[%clk 0:42:40]} 21. Nxe6 {[%clk 0:37:27]} Ncxe3
{[%clk 0:42:49]} 22. Nxf8 {[%clk 0:37:44]} Nxd1 {[%clk 0:43:13]} 23. Rxd1
{[%clk 0:38:05]} Kxf8 {[%clk 0:43:13]} 0-1

[Event "International Tournament"]
[Site "Thivon"]
[Date "2016.08.26"]
[Round "2.3"]
[White "Kofidis, Andreas"]
[Black "Delithanasis, Dimitrios"]
[Result "1/2-1/2"]
[BlackElo "2051"]
[WhiteElo "2406"]
[LiveChessVersion "1.4.8"]

1. e4 {[%clk 1:11:28]} e5 {[%clk 1:30:47]} 2. Nf3 {[%clk 1:11:54]} Nc6
{[%clk 1:30:52]} 3. Bc4 {[%clk 1:12:19]} Nf6 {[%clk 1:30:38]} 4. d3
{[%clk 1:12:09]} h6 {[%clk 1:30:31]} 5. Nc3 {[%clk 1:10:44]} d6 {[%clk 1:30:29]}
6. a3 {[%clk 1:09:50]} g6 {[%clk 1:30:40]} 7. h3 {[%clk 1:10:00]} Bg7
{[%clk 1:30:25]} 8. Be3 {[%clk 1:10:24]} Be6 {[%clk 1:18:18]} 9. Bxe6
{[%clk 1:09:48]} fxe6 {[%clk 1:18:39]} 10. d4 {[%clk 1:09:23]} exd4
{[%clk 1:18:05]} 11. Nxd4 {[%clk 1:09:48]} Qd7 {[%clk 1:15:29]} 12. Qd2
{[%clk 0:59:16]} O-O-O {[%clk 1:05:14]} 13. O-O-O {[%clk 0:58:18]} Ne5
{[%clk 1:03:45]} 14. Qe2 {[%clk 0:58:14]} g5 {[%clk 1:02:31]} 15. g3
{[%clk 0:57:42]} g4 {[%clk 1:01:29]} 16. hxg4 {[%clk 0:54:14]} Nexg4
{[%clk 0:59:41]} 17. f3 {[%clk 0:37:19]} Nxe3 18. Qxe3 {[%clk 0:37:41]} Nh7
{[%clk 0:44:46]} 19. f4 {[%clk 0:35:38]} Qf7 {[%clk 0:43:46]} 20. f5
{[%clk 0:29:49]} Ng5 {[%clk 0:40:13]} 21. Rhf1 {[%clk 0:28:23]} Kb8
{[%clk 0:38:46]} 22. Ncb5 {[%clk 0:24:20]} c5 {[%clk 0:29:14]} 23. Nb3
{[%clk 0:14:17]} Qe7 {[%clk 0:26:34]} 24. f6 Bxf6 {[%clk 0:26:42]} 25. Nxd6
{[%clk 0:06:28]} Rxd6 {[%clk 0:08:09]} 26. Rxd6 {[%clk 0:06:49]} Bxb2+ 27. Kxb2
{[%clk 0:07:09]} Qxd6 {[%clk 0:08:35]} 28. e5 {[%clk 0:06:34]} Qa6
{[%clk 0:07:46]} 29. Rd1 {[%clk 0:06:33]} Rc8 {[%clk 0:07:47]} 30. Ka2
{[%clk 0:04:32]} Qc4 {[%clk 0:07:50]} 31. Kb2 {[%clk 0:04:06]} b6
{[%clk 0:07:47]} 32. Qf4 {[%clk 0:03:09]} Qb5 {[%clk 0:07:10]} 33. a4
{[%clk 0:03:16]} Qe8 {[%clk 0:07:16]} 34. Qc4 {[%clk 0:03:20]} Rd8
{[%clk 0:07:25]} 35. Rd6 {[%clk 0:02:33]} Rxd6 {[%clk 0:07:22]} 36. exd6
{[%clk 0:02:58]} Qc6 {[%clk 0:07:48]} 37. Qf4 {[%clk 0:03:15]} Kb7 38. Qf8
1/2-1/2

[Event "International Tournament"]
[Site "Thivon"]
[Date "2016.08.26"]
[Round "2.4"]
[White "Sidiropoulos, Nikolaos"]
[Black "Pavlidis, Anastasios"]
[Result "0-1"]
[BlackElo "2377"]
[WhiteElo "2026"]
[LiveChessVersion "1.4.8"]

1. e4 {[%clk 1:24:02]} e5 {[%clk 1:30:46]} 2. Nf3 {[%clk 1:24:25]} Nc6
{[%clk 1:31:06]} 3. Bc4 {[%clk 1:24:48]} Nf6 {[%clk 1:31:25]} 4. d3
{[%clk 1:25:03]} Be7 {[%clk 1:31:37]} 5. O-O {[%clk 1:25:19]} O-O
{[%clk 1:31:55]} 6. Bb3 {[%clk 1:25:20]} d6 {[%clk 1:32:08]} 7. h3
{[%clk 1:25:05]} h6 {[%clk 1:28:58]} 8. c3 {[%clk 1:24:21]} Na5 {[%clk 1:29:02]}
9. Bc2 {[%clk 1:23:28]} c5 {[%clk 1:29:21]} 10. a3 {[%clk 1:19:31]} a6
{[%clk 1:28:48]} 11. b4 {[%clk 1:19:18]} Nc6 {[%clk 1:28:43]} 12. Be3
{[%clk 1:11:34]} Be6 {[%clk 1:25:55]} 13. Bb3 {[%clk 0:49:40]} c4
{[%clk 1:17:37]} 14. Bxc4 {[%clk 0:43:32]} Bxc4 {[%clk 1:17:38]} 15. dxc4
{[%clk 0:43:57]} Nxe4 {[%clk 1:17:47]} 16. Nfd2 {[%clk 0:31:08]} Nxd2
{[%clk 1:10:57]} 17. Nxd2 {[%clk 0:31:11]} Rc8 {[%clk 1:02:14]} 18. Qb3
{[%clk 0:29:21]} Qc7 {[%clk 0:57:48]} 19. Rfd1 {[%clk 0:24:50]} Kh8
{[%clk 0:56:45]} 20. a4 {[%clk 0:23:54]} Nb8 {[%clk 0:55:51]} 21. Qc2
{[%clk 0:19:23]} Nd7 {[%clk 0:54:53]} 22. a5 {[%clk 0:18:57]} f5 {[%clk 0:38:02]}
23. f3 {[%clk 0:18:20]} Qd8 {[%clk 0:29:14]} 24. Qd3 {[%clk 0:14:19]} Qe8
{[%clk 0:28:38]} 25. Qd5 {[%clk 0:09:21]} Rc7 {[%clk 0:27:52]} 26. Rab1
{[%clk 0:03:31]} Qc8 {[%clk 0:25:58]} 27. Qe6 {[%clk 0:03:06]} Rf6
{[%clk 0:25:04]} 28. Qd5 {[%clk 0:03:18]} Bf8 {[%clk 0:23:29]} 29. Kh1
{[%clk 0:02:38]} Qe8 {[%clk 0:21:33]} 30. Re1 {[%clk 0:01:54]} Re6
{[%clk 0:21:43]} 31. b5 {[%clk 0:01:22]} Nf6 {[%clk 0:20:40]} 32. Qd3
{[%clk 0:01:44]} e4 33. fxe4 {[%clk 0:02:07]} fxe4 {[%clk 0:13:12]} 34. Qd4
{[%clk 0:02:00]} Rc5 {[%clk 0:13:11]} 35. bxa6 {[%clk 0:01:28]} bxa6
{[%clk 0:13:33]} 36. Nb3 Rc6 {[%clk 0:11:27]} 37. Qa7 {[%clk 0:00:52]} Re7
{[%clk 0:04:52]} 38. Qd4 {[%clk 0:01:20]} Nh5 {[%clk 0:04:52]} 39. Kh2
{[%clk 0:00:40]} Re5 {[%clk 0:01:52]} 40. Rf1 {[%clk 0:15:34]} Be7
{[%clk 0:15:47]} 41. g4 {[%clk 0:13:30]} Qc8 {[%clk 0:12:25]} 42. Nd2
{[%clk 0:13:24]} Nf6 {[%clk 0:11:30]} 43. Rg1 {[%clk 0:13:25]} Rxa5
{[%clk 0:10:21]} 44. Qa7 {[%clk 0:13:09]} Qe6 {[%clk 0:08:50]} 45. Rb8+
{[%clk 0:11:12]} Kh7 {[%clk 0:04:50]} 46. g5 {[%clk 0:09:24]} hxg5
{[%clk 0:04:26]} 47. Qa8 {[%clk 0:08:40]} Rcc5 {[%clk 0:02:47]} 48. Bxc5
{[%clk 0:08:24]} Rxc5 {[%clk 0:02:49]} 49. Rh8+ {[%clk 0:08:21]} Kg6
{[%clk 0:03:12]} 50. h4 {[%clk 0:08:22]} Qe5+ {[%clk 0:03:32]} 51. Kh1
{[%clk 0:08:28]} Qxc3 {[%clk 0:02:44]} 52. h5+ {[%clk 0:08:24]} Kf7
{[%clk 0:02:11]} 53. Rf1 {[%clk 0:08:11]} Qh3+ {[%clk 0:02:17]} 54. Kg1
{[%clk 0:08:40]} Qg3+ {[%clk 0:02:41]} 55. Kh1 {[%clk 0:09:08]} Qh3+
{[%clk 0:02:49]} 56. Kg1 {[%clk 0:09:37]} Rf5 {[%clk 0:02:48]} 57. Qc8
{[%clk 0:09:17]} Qe3+ {[%clk 0:02:53]} 58. Kh1 {[%clk 0:09:11]} Rxf1+
{[%clk 0:02:57]} 59. Nxf1 {[%clk 0:09:40]} Qf3+ {[%clk 0:03:14]} 60. Kg1
{[%clk 0:10:08]} e3 {[%clk 0:02:29]} 61. Nxe3 {[%clk 0:08:42]} Qxe3+
{[%clk 0:02:33]} 62. Kg2 {[%clk 0:08:45]} Qe4+ {[%clk 0:02:02]} 63. Kf1
{[%clk 0:09:00]} g4 {[%clk 0:02:03]} 64. h6 {[%clk 0:09:25]} gxh6 0-1

[Event "International Tournament"]
[Site "Thivon"]
[Date "2016.08.26"]
[Round "2.5"]
[White "Kourkoulos-Arditis, Stamatis"]
[Black "Bonneville, Thaymour"]
[Result "1-0"]
[BlackElo "2019"]
[WhiteElo "2369"]
[LiveChessVersion "1.4.8"]

1. c4 {[%clk 1:30:52]} b6 {[%clk 1:30:27]} 2. Nf3 {[%clk 1:30:23]} Bb7
{[%clk 1:30:02]} 3. g3 {[%clk 1:30:15]} e6 {[%clk 1:28:56]} 4. Bg2
{[%clk 1:30:40]} f5 {[%clk 1:28:42]} 5. O-O {[%clk 1:30:02]} Nf6 {[%clk 1:28:32]}
6. d3 {[%clk 1:28:47]} Be7 {[%clk 1:28:03]} 7. Nc3 {[%clk 1:28:08]} O-O
{[%clk 1:27:20]} 8. e4 {[%clk 1:25:49]} fxe4 {[%clk 1:25:32]} 9. Ng5
{[%clk 1:26:05]} c5 {[%clk 1:21:20]} 10. dxe4 {[%clk 1:16:06]} e5
{[%clk 1:10:27]} 11. f4 {[%clk 1:11:47]} Nc6 {[%clk 1:04:01]} 12. fxe5
{[%clk 0:59:33]} Nxe5 {[%clk 1:02:48]} 13. Bf4 {[%clk 0:59:46]} Nfg4
{[%clk 0:49:26]} 14. Nxh7 {[%clk 0:56:57]} Kxh7 {[%clk 0:44:14]} 15. Bxe5
{[%clk 0:57:22]} Rxf1+ {[%clk 0:43:44]} 16. Qxf1 {[%clk 0:57:45]} Nxe5
{[%clk 0:42:41]} 17. Qf5+ {[%clk 0:58:11]} Kg8 {[%clk 0:42:37]} 18. Qxe5
{[%clk 0:58:36]} Bf6 {[%clk 0:42:04]} 19. Qd6 {[%clk 0:57:07]} Qe8
{[%clk 0:40:27]} 20. Nd5 {[%clk 0:37:13]} Bd4+ {[%clk 0:34:23]} 21. Kh1
{[%clk 0:37:32]} 1-0

[Event "International Tournament"]
[Site "Thivon"]
[Date "2016.08.26"]
[Round "2.6"]
[White "Triantos, Konstantinos"]
[Black "Stathopoulos, Ioannis"]
[Result "0-1"]
[BlackElo "2343"]
[WhiteElo "1998"]
[LiveChessVersion "1.4.8"]

1. e4 c5 2. Nf3 d6 3. Bb5+ Nc6 4. c3 Nf6 {[%clk 1:20:10]} 5. Qe2 {[%clk 1:28:36]}
Qc7 {[%clk 1:13:06]} 6. O-O {[%clk 1:26:58]} a6 {[%clk 1:10:48]} 7. Ba4
{[%clk 1:26:59]} Bg4 {[%clk 1:10:27]} 8. h3 {[%clk 1:24:48]} Bh5 {[%clk 1:10:31]}
9. d3 {[%clk 1:24:21]} O-O-O {[%clk 1:07:17]} 10. Be3 {[%clk 1:13:22]} e5
{[%clk 1:01:21]} 11. b4 {[%clk 1:03:10]} d5 {[%clk 0:56:42]} 12. Bxc5
{[%clk 0:52:01]} Bxc5 {[%clk 0:56:24]} 13. bxc5 {[%clk 0:52:11]} dxe4
{[%clk 0:51:56]} 14. dxe4 {[%clk 0:52:28]} Ne7 {[%clk 0:51:54]} 15. Qe3
{[%clk 0:39:06]} Bxf3 {[%clk 0:51:59]} 16. Qxf3 {[%clk 0:37:27]} Qxc5
{[%clk 0:52:04]} 17. Bb3 {[%clk 0:36:35]} Rhf8 {[%clk 0:45:30]} 18. a4
{[%clk 0:33:23]} Nc6 {[%clk 0:45:18]} 19. Rd1 {[%clk 0:17:39]} Rxd1+
{[%clk 0:42:18]} 20. Bxd1 {[%clk 0:16:55]} Rd8 {[%clk 0:42:33]} 21. Na3
{[%clk 0:13:23]} Na5 {[%clk 0:42:22]} 22. Bc2 {[%clk 0:06:33]} Rd2
{[%clk 0:41:10]} 23. Kf1 {[%clk 0:04:53]} Kb8 {[%clk 0:36:39]} 24. Qe3
{[%clk 0:04:03]} Qxe3 {[%clk 0:36:39]} 25. fxe3 {[%clk 0:04:03]} Nh5
{[%clk 0:36:39]} 26. Rd1 {[%clk 0:04:03]} Ng3+ {[%clk 0:36:39]} 27. Kg1
{[%clk 0:04:03]} Rxd1+ {[%clk 0:36:39]} 28. Bxd1 {[%clk 0:04:03]} Nxe4
{[%clk 0:36:39]} 29. Nb1 {[%clk 0:04:03]} Nc4 {[%clk 0:35:14]} 30. Bc2
{[%clk 0:03:56]} f5 {[%clk 0:35:35]} 31. Bxe4 fxe4 {[%clk 0:36:03]} 32. Kf2
{[%clk 0:03:42]} Kc7 {[%clk 0:36:29]} 33. Kg3 {[%clk 0:02:17]} 0-1

[Event "International Tournament"]
[Site "Thivon"]
[Date "2016.08.26"]
[Round "2.7"]
[White "Megalios, Konstantinos"]
[Black "Kondopoulos, Dimitrios"]
[Result "0-1"]
[BlackElo "1997"]
[WhiteElo "2293"]
[LiveChessVersion "1.4.8"]

1. d4 Nf6 2. c4 {[%clk 1:31:08]} e6 {[%clk 1:29:38]} 3. g3 {[%clk 1:30:41]} Bb4+
{[%clk 1:29:38]} 4. Nd2 {[%clk 1:30:41]} O-O {[%clk 1:29:38]} 5. Bg2
{[%clk 1:30:41]} d6 {[%clk 1:29:38]} 6. Ngf3 {[%clk 1:30:41]} Qe7
{[%clk 1:29:38]} 7. O-O {[%clk 1:30:41]} Bxd2 {[%clk 1:29:38]} 8. Qxd2
{[%clk 1:30:41]} e5 {[%clk 1:29:38]} 9. b3 {[%clk 1:30:41]} Re8 {[%clk 1:00:28]}
10. Bb2 {[%clk 1:19:05]} Nbd7 {[%clk 0:50:47]} 11. Rad1 {[%clk 1:15:51]} a5
{[%clk 0:50:26]} 12. Qc2 {[%clk 1:07:31]} e4 {[%clk 0:40:08]} 13. Ng5
{[%clk 0:59:01]} a4 {[%clk 0:34:08]} 14. Bc1 {[%clk 0:51:51]} axb3
{[%clk 0:29:51]} 15. axb3 {[%clk 0:52:13]} b5 {[%clk 0:27:44]} 16. f3
{[%clk 0:45:52]} bxc4 {[%clk 0:24:55]} 17. Nxe4 {[%clk 0:41:30]} cxb3
{[%clk 0:23:41]} 18. Qxc7 {[%clk 0:36:15]} Nxe4 19. fxe4 {[%clk 0:36:37]} Ba6
{[%clk 0:19:52]} 20. e5 {[%clk 0:27:43]} Rac8 {[%clk 0:19:32]} 21. exd6
{[%clk 0:22:27]} Rxc7 {[%clk 0:18:07]} 22. dxe7 Rxe7 {[%clk 0:17:04]} 23. Rf2
{[%clk 0:16:02]} Rxe2 {[%clk 0:14:59]} 24. Rxe2 Bxe2 {[%clk 0:15:23]} 25. Re1
{[%clk 0:15:53]} Nf6 {[%clk 0:10:31]} 26. d5 {[%clk 0:15:38]} Rc2
{[%clk 0:10:03]} 27. d6 {[%clk 0:14:08]} b2 {[%clk 0:08:17]} 28. Bg5
{[%clk 0:14:16]} Bg4 {[%clk 0:03:03]} 29. h3 {[%clk 0:05:56]} Re2
{[%clk 0:02:00]} 30. Rf1 {[%clk 0:02:52]} Bf5 {[%clk 0:01:40]} 31. Bf3
{[%clk 0:03:21]} Rc2 {[%clk 0:00:59]} 32. g4 {[%clk 0:03:04]} Be6
{[%clk 0:00:39]} 33. Rd1 {[%clk 0:02:13]} h6 {[%clk 0:00:40]} 34. Be3
{[%clk 0:00:43]} Ba2 {[%clk 0:01:05]} 35. Be4 {[%clk 0:00:52]} b1=Q
{[%clk 0:01:57]} 36. Rxb1 {[%clk 0:02:15]} Bxb1 {[%clk 0:02:26]} 37. Bxc2
{[%clk 0:02:30]} Bxc2 {[%clk 0:02:54]} 38. Bc5 {[%clk 0:02:22]} Nd7
{[%clk 0:03:11]} 39. Bd4 {[%clk 0:17:47]} f6 {[%clk 0:17:56]} 40. Kf2
{[%clk 0:02:57]} Kf7 {[%clk 0:03:23]} 41. h4 {[%clk 0:18:24]} g5 {[%clk 0:16:27]}
42. hxg5 {[%clk 0:18:48]} hxg5 {[%clk 0:16:47]} 43. Bb2 {[%clk 0:18:56]} Ke6
{[%clk 0:17:06]} 44. Ba3 {[%clk 0:18:39]} Ne5 {[%clk 0:17:28]} 45. Kg3
{[%clk 0:19:05]} Bd1 {[%clk 0:17:52]} 46. Bb2 {[%clk 0:19:26]} Kxd6
{[%clk 0:18:12]} 47. Bc1 {[%clk 0:19:44]} Bxg4 {[%clk 0:18:29]} 48. Be3
{[%clk 0:20:11]} Kd5 {[%clk 0:18:38]} 49. Bc1 {[%clk 0:20:31]} Ke4
{[%clk 0:19:02]} 50. Bd2 {[%clk 0:20:53]} Bd1 {[%clk 0:18:44]} 51. Bc1
{[%clk 0:21:10]} Nd3 {[%clk 0:18:25]} 52. Bd2 {[%clk 0:21:36]} Be2
{[%clk 0:18:39]} 53. Kg2 {[%clk 0:21:57]} g4 {[%clk 0:18:54]} 54. Kg3
{[%clk 0:21:51]} f5 {[%clk 0:19:10]} 55. Kg2 {[%clk 0:21:54]} f4 {[%clk 0:19:22]}
56. Ba5 {[%clk 0:22:01]} f3+ {[%clk 0:19:06]} 0-1

[Event "International Tournament"]
[Site "Thivon"]
[Date "2016.08.26"]
[Round "2.8"]
[White "Papahristoudis, Anastasios"]
[Black "Gazis, Efstathios"]
[Result "1/2-1/2"]
[BlackElo "2286"]
[WhiteElo "1988"]
[LiveChessVersion "1.4.8"]

1. c4 c5 {[%clk 1:22:11]} 2. Nc3 {[%clk 1:31:13]} b6 {[%clk 1:22:30]} 3. e4
{[%clk 1:28:35]} Nc6 {[%clk 1:21:42]} 4. Nge2 {[%clk 1:24:44]} Bb7
{[%clk 1:21:05]} 5. d4 {[%clk 1:20:07]} cxd4 {[%clk 1:14:19]} 6. Nxd4
{[%clk 1:20:30]} a6 {[%clk 1:13:24]} 7. Be2 {[%clk 1:18:13]} e6 {[%clk 1:08:30]}
8. O-O {[%clk 1:12:10]} Qc7 {[%clk 1:08:54]} 9. b3 {[%clk 1:07:51]} Nf6
{[%clk 1:08:22]} 10. Be3 {[%clk 1:02:27]} Bb4 {[%clk 1:07:55]} 11. Na4
{[%clk 0:55:53]} Nxe4 {[%clk 0:56:48]} 12. Nxb6 {[%clk 0:51:57]} Rb8
{[%clk 0:43:39]} 13. Na4 {[%clk 0:46:38]} O-O {[%clk 0:42:29]} 14. Qc2
{[%clk 0:39:51]} Ne7 {[%clk 0:37:56]} 15. Bf3 {[%clk 0:34:55]} f5
{[%clk 0:28:47]} 16. a3 {[%clk 0:29:45]} Bd6 {[%clk 0:29:05]} 17. g3
{[%clk 0:30:00]} Ng6 {[%clk 0:28:35]} 18. b4 {[%clk 0:24:46]} Ne5
{[%clk 0:28:23]} 19. Be2 {[%clk 0:23:30]} Ng4 {[%clk 0:25:03]} 20. Bf3
{[%clk 0:21:22]} Rf6 {[%clk 0:19:00]} 21. c5 {[%clk 0:20:07]} Be5
{[%clk 0:19:01]} 22. c6 {[%clk 0:19:35]} Nxe3 {[%clk 0:15:42]} 23. fxe3
{[%clk 0:19:16]} Bxd4 24. exd4 {[%clk 0:13:56]} Qxc6 {[%clk 0:12:43]} 25. Bxe4
{[%clk 0:13:00]} Qxe4 26. Qxe4 {[%clk 0:13:17]} Bxe4 {[%clk 0:09:22]} 27. Nc5
{[%clk 0:13:31]} d6 {[%clk 0:08:00]} 28. Nd7 {[%clk 0:13:13]} Rd8
{[%clk 0:07:49]} 29. Nxf6+ gxf6 {[%clk 0:08:13]} 30. g4 {[%clk 0:10:34]} fxg4
{[%clk 0:07:49]} 31. Rxf6 {[%clk 0:09:54]} Bf5 {[%clk 0:07:45]} 1/2-1/2

[Event "International Tournament"]
[Site "Thivon"]
[Date "2016.08.26"]
[Round "2.9"]
[White "Hristodoulou, Panagiotis"]
[Black "Katsiris, Ioannis"]
[Result "1-0"]
[BlackElo "1984"]
[WhiteElo "2283"]
[LiveChessVersion "1.4.8"]

1. e4 c5 2. Nf3 Nc6 3. d4 cxd4 4. Nxd4 e5 5. Nb5 d6 6. c4 Be7 7. N1c3 a6 8. Na3
Nf6 9. Be2 Nd4 10. O-O Nxe2+ 11. Qxe2 O-O 12. Be3 Ng4 13. Nc2 f5 14. f3 Nf6 15.
exf5 Bxf5 16. Nb4 Rc8 17. Rad1 Be6 18. Nbd5 Nxd5 19. Nxd5 Bxd5 20. Rxd5 Rc6 21.
Rfd1 Qc8 22. b3 Kh8 23. a4 Qc7 24. Qd3 Rb8 25. c5 Bf6 26. Rxd6 Rxd6 27. Qxd6 Qxd6
28. Rxd6 Rd8 29. Rb6 h6 30. Rxb7 1-0

[Event "International Tournament"]
[Site "Thivon"]
[Date "2016.08.26"]
[Round "2.10"]
[White "Markesinis, Eleftherios"]
[Black "Michelakos, Panagiotis"]
[Result "1/2-1/2"]
[BlackElo "2242"]
[WhiteElo "1980"]
[LiveChessVersion "1.4.8"]

1. d4 {[%clk 1:10:15]} Nf6 {[%clk 1:30:46]} 2. c4 {[%clk 1:10:40]} g6
{[%clk 1:30:35]} 3. Nc3 {[%clk 1:10:58]} Bg7 {[%clk 1:30:50]} 4. e4
{[%clk 1:11:22]} d6 {[%clk 1:31:15]} 5. Be2 {[%clk 1:11:39]} O-O {[%clk 1:31:06]}
6. Be3 {[%clk 1:12:01]} e5 {[%clk 1:15:06]} 7. d5 {[%clk 1:08:43]} Na6
{[%clk 1:15:14]} 8. g4 {[%clk 1:07:55]} Nc5 {[%clk 1:15:08]} 9. Bf3
{[%clk 1:08:14]} a5 {[%clk 1:14:42]} 10. h4 {[%clk 1:08:00]} Ne8 {[%clk 1:10:53]}
11. h5 {[%clk 1:08:20]} f5 {[%clk 1:07:22]} 12. hxg6 {[%clk 1:08:44]} hxg6
{[%clk 1:07:46]} 13. gxf5 {[%clk 1:08:42]} gxf5 {[%clk 1:08:07]} 14. Nh3
{[%clk 1:09:00]} f4 {[%clk 0:43:02]} 15. Bxc5 {[%clk 1:09:22]} dxc5
{[%clk 0:43:31]} 16. Bg4 {[%clk 1:09:47]} Qh4 {[%clk 0:26:37]} 17. Bxc8
{[%clk 1:09:01]} Rxc8 {[%clk 0:27:06]} 18. Qf3 {[%clk 1:08:03]} Rf6
{[%clk 0:06:12]} 19. O-O-O {[%clk 1:00:22]} Rg6 {[%clk 0:06:27]} 20. Rdg1 Rxg1+
{[%clk 0:06:20]} 21. Rxg1 {[%clk 1:00:08]} Rd8 {[%clk 0:00:57]} 22. Ng5
{[%clk 0:59:23]} Rd7 {[%clk 0:00:33]} 23. Ne6 {[%clk 0:57:41]} b6
{[%clk 0:00:45]} 24. Nb5 {[%clk 0:55:13]} Qh6 {[%clk 0:00:40]} 25. b3
{[%clk 0:53:56]} Nf6 {[%clk 0:00:43]} 26. Nbxc7 {[%clk 0:47:21]} a4
{[%clk 0:00:58]} 27. Kb2 {[%clk 0:43:16]} Re7 {[%clk 0:00:32]} 28. Qg2
{[%clk 0:37:44]} f3 {[%clk 0:00:44]} 29. Qxf3 {[%clk 0:13:40]} Qd2+
{[%clk 0:01:10]} 30. Ka3 {[%clk 0:13:52]} Qb4+ {[%clk 0:01:34]} 1/2-1/2